000 00491nam a2200133Ia 4500
008 231221s9999 xx 000 0 und d
020 _a978-3-540-73619-6
041 _aEnglish
100 _aAndreas Linke-Diesinger
245 0 _aSystems of Commercial Turbofan Engines
260 _c2008
_bSpringer Berlin Heidelberg
_aNew York
650 _aAutomotive Engineering; Engineering Fluid Dynamics; Machinery and Machine Elements; Electronics and Microelectronics, Instrumentation
942 _cEB
999 _c228158
_d228158